Cases in Operations Management / (Record no. 593672)
[ view plain ]
| 000 -LEADER | |
|---|---|
| fixed length control field | 00385nam a22001337a 4500 |
| 020 ## - INTERNATIONAL STANDARD BOOK NUMBER | |
| International Standard Book Number | 0201532891 |
| 082 ## - DEWEY DECIMAL CLASSIFICATION NUMBER | |
| Classification number | 658.5 |
| Author Mark | HEY |
| 100 ## - MAIN ENTRY--PERSONAL NAME | |
| Personal name | Heyl, JEff L. |
| 9 (RLIN) | 110220 |
| 245 ## - TITLE STATEMENT | |
| Title | Cases in Operations Management / |
| Statement of responsibility, etc. | Jeff E. Heyl |
| 260 ## - PUBLICATION, DISTRIBUTION, ETC. | |
| Place of publication, distribution, etc. | USA, |
| Name of publisher, distributor, etc. | Addison Wesley, |
| Date of publication, distribution, etc. | 1994. |
| 300 ## - PHYSICAL DESCRIPTION | |
| Extent | x, 207p. |
| Other physical details | Paperback, |
| Dimensions | 23cm. |
| 700 ## - ADDED ENTRY--PERSONAL NAME | |
| Personal name | John L. Bushnell & Linda A. Stone |
| 9 (RLIN) | 110221 |
| 942 ## - ADDED ENTRY ELEMENTS (KOHA) | |
| Source of classification or shelving scheme | |
| Koha item type | Book |
| Withdrawn status | Lost status | Source of classification or shelving scheme | Damaged status | Not for loan | Permanent Location | Current Location | Shelving location | Date acquired | Total Checkouts | Full call number | Barcode | Date last seen | Price effective from | Koha item type |
|---|---|---|---|---|---|---|---|---|---|---|---|---|---|---|
| School of Mechanical & Manufacturing Engineering (SMME) | School of Mechanical & Manufacturing Engineering (SMME) | General Stacks | 03/14/2023 | 658.5 HEY | SMME-3779 | 03/14/2023 | 03/14/2023 | Book |
